000 00721nam a22002177a 4500
999 _c159307
_d159307
005 20181213151253.0
006 a|||||f|||| 00| 0
007 tc
008 180720b xxu||||| |||| 00| 0 eng d
010 _aB-348085-B-348090
020 _c289.00(Per set)
035 _aB-348085
037 _bA.I.C.B.
082 _a880
245 _aThe Individual and Society
260 _aDelhi
_bA.C.I.B.
_cN.D.
270 _aSector-5, Rohini,
_bNew Delhi
_e110085
_k011-27054082
300 _a3V.,various pages.
_c30cm(HB).
942 _2ddc
_cBRLEN
_h880
_mIND